Jeunes filles / (Record no. 159393)

MARC details
000 -LEADER
campo de control de longitud fija 00573nam a22001815i 4500
001 - NÚMERO DE CONTROL
campo de control 159393
003 - IDENTIFICADOR DE NÚMERO DE CONTROL
campo de control ES-MaACL
005 - FECHA Y HORA DE LA ÚLTIMA TRANSACCIÓN
campo de control 20230906211559.0
008 - DATOS DE LONGITUD FIJA--INFORMACIÓN GENERAL
campo de control de longitud fija 040914q18841900fr |||| | fre d
040 ## - FUENTE DE CATALOGACIÓN
Centro catalogador/agencia de origen CAM
Lengua de catalogación spa
Centro/agencia transcriptor CAM
100 1# - ENTRADA PRINCIPAL--NOMBRE DE PERSONA
Nombre de persona Mendès, Catulle.
9 (RLIN) 80102
245 10 - MENCIÓN DEL TÍTULO
Título Jeunes filles /
Mención de responsabilidad, etc. Catulle Mendès.
250 ## - MENCION DE EDICION
Mención de edición 2e éd.
260 ## - PUBLICACIÓN, DISTRIBUCIÓN, ETC.
Lugar de publicación, distribución, etc. Paris :
Nombre del editor, distribuidor, etc. Victor Havard,
Fecha de publicación, distribución, etc. [1884?] (
Lugar de fabricación/manufactura Corbeil :
Fabricante Imprimerie B. Renaudet)
300 ## - DESCRIPCIÓN FÍSICA
Extensión 332 p. ;
Dimensiones 17 cm.
596 ## - NOTA AL PIE DE IMPRENTA
NOTA AL PIE DE IMPRENTA Probablemente impreso a finales del siglo XIX.
852 ## - LOCALIZACIÓN
Ubicación ES-MaACL
Número de control de estantería F-9836
Nota libre -- Enc. pasta española
Holdings
Estatus retirado Estado de pérdida Estado de daño No para préstamo Colección Biblioteca de origen Biblioteca actual Ubicación en estantería Fecha de adquisición Fuente de adquisición Total de préstamos Signatura topográfica completa Código de barras Visto por última vez Precio de reemplazo Tipo de ítem Koha
        Libros del s. XIX Biblioteca del Ateneo de Madrid Biblioteca del Ateneo de Madrid Sala Pecera Planta 2 17/01/2008     F-9836 1166862 23/02/2023 23/02/2023 Libro impreso antiguo